000 00614nam a2200229 a 4500
001 67825
003 BD-RjUL
005 20211209081710.0
008 170329s1929 xx a 001 0 eng d
035 _a(BD-RjUL) 68034
040 _aDLC
_cOTU
_dBD-RjU
_beng
041 _aeng
082 _223
_a538
_bPEM 1929
100 1 _aPeddie, William,
_d1861-
_9201074
245 1 0 _aMolecular magnetism /
_cby W. Peddie
260 _aLondon :
_bE. Arnold & co.,
_c1929.
300 _aviii, 140 p. :
_bill. ;
_c22 cm.
500 _aIncludes Index.
650 0 _aMagnetism.
_9201075
942 _2ddc
_cBK
999 _c67825
_d67825